| 000 | 01486naa a22003137a 4500 | ||
|---|---|---|---|
| 001 | BR9603284 | ||
| 003 | BR-BrBNA | ||
| 005 | 20240918181836.0 | ||
| 007 | ta | ||
| 008 | 230509b bl.||||| |||| 00| 0 por d | ||
| 040 |
_aBR-BrBNA _bpor _cBiblioteca Nacional de Agricultura |
||
| 041 | _a(Pt) | ||
| 072 | _aU10; K10 | ||
| 090 | _aU10 BR9603284 | ||
| 100 | 1 | _aMachado, S.A. | |
| 100 | 1 | _aBasso, S.F. | |
| 100 | 1 | _aBevilacqua Junior, V.G. | |
| 111 | 1 |
_a1. Congresso Florestal Panamericano7. Congresso Florestal Brasileiro _cCuritiba, PR (Brazil) _d19-24 Sep 1993 |
|
| 245 | 1 | _aTeste de modelos matematicos para o ajuste da relacao hipsometrica em diferentes sitios e idades para plantacoes de Pinus elliottii no estado do Parana | |
| 260 | 3 |
_aCuritiba, PR (Brasil): _c1993. |
|
| 500 | _aAnais do 1. Congresso Florestal Panamericano e 7. Congresso Florestal Brasileiro. Floresta para o desenvolvimento: politica, ambiente, tecnologia e mercado. Trabalho voluntario e posters Curitiba, PR (Brasil): 1993. v. 2 p. 553-556 (BR9603284-AM)U10 | ||
| 650 | _aFloresta | ||
| 650 | _aDendrometria | ||
| 650 | _aModelo Matematico | ||
| 650 | _aParana | ||
| 773 | 0 |
_tAnais do 1. Congresso Florestal Panamericano e 7. Congresso Florestal Brasileiro. Floresta para o desenvolvimento: politica, ambiente, tecnologia e mercado. Trabalho voluntario e posters _wU10 BR9603284 _gCuritiba, PR (Brasil), 1993. v. 2 p. 553-556 |
|
| 909 |
_a202404 _bLucia _c55 _dLucia Elande |
||
| 942 |
_cAM _2AGRIS |
||
| 999 |
_c327110 _d327110 |
||